[Event "Chernivtsi op"]
[Site "Chernivtsi"]
[Date "2021.07.25"]
[Round "9"]
[White "Yarmysty, Mikhail"]
[Black "Priseajniuc, Andrei"]
[Result "1-0"]
[WhiteElo "2308"]
[BlackElo "1826"]
[PlyCount "73"]
[EventDate "2021.07.20"]
[EventType "swiss"]
[EventRounds "9"]
[EventCountry "UKR"]
[SourceTitle "CBM 203 Extra"]
[Source "ChessBase"]
[SourceDate "2021.09.30"]
[SourceVersion "1"]
[SourceVersionDate "2021.09.30"]
[SourceQuality "1"]

1. d4 d5 2. Nf3 Nf6 3. c4 c6 4. Qc2 dxc4 5. Qxc4 b5 6. Qc2 e6 7. g3 Bb7 8. Bg2 Nbd7 9. 0-0 c5 10. Nbd2 Rc8 11. Qd1 c4 12. a3 Be7 13. Re1 a5 14. e4 b4 15. axb4 axb4 16. e5 Nd5 17. Ne4 0-0 18. Bg5 f6 19. exf6 N7xf6 20. Bxf6 Bxf6 21. Ra7 Qb6 22. Rxb7 Qxb7 23. Nd6 Qb6 24. Nxc8 Rxc8 25. Bh3 Rc6 26. Qe2 Nc7 27. Qe4 Rd6 28. Rc1 Bxd4 29. Rxc4 Bxf2+ 30. Kf1 Bc5 31. Ng5 g6 32. Bg4 Be3 33. Rxc7 Bxg5 34. Bxe6+ Kf8 35. Qf3+ Ke8 36. Qf7+ Kd8 37. Rc8# 1-0

[Event "Chernivtsi op"]
[Site "Chernivtsi"]
[Date "2021.07.23"]
[Round "7"]
[White "Yarmysty, Mikhail"]
[Black "Guk, Ilja"]
[Result "1-0"]
[WhiteElo "2308"]
[BlackElo "2082"]
[PlyCount "70"]
[EventDate "2021.07.20"]
[EventType "swiss"]
[EventRounds "9"]
[EventCountry "UKR"]
[SourceTitle "CBM 203 Extra"]
[Source "ChessBase"]
[SourceDate "2021.09.30"]
[SourceVersion "1"]
[SourceVersionDate "2021.09.30"]
[SourceQuality "1"]

1. e4 c5 2. g3 Nc6 3. Bg2 d6 4. d3 g6 5. f4 Bg7 6. Nf3 e6 7. 0-0 Nge7 8. c3 0-0 9. Be3 b6 10. d4 cxd4 11. cxd4 d5 12. e5 a5 13. Nc3 Ba6 14. Re1 Qd7 15. Bf2 Rfc8 16. g4 Na7 17. Bh4 Rc6 18. Qd2 Rac8 19. f5 exf5 20. Bxe7 fxg4 21. Ng5 Qxe7 22. Nxd5 Qd8 23. Qf4 Rc2 24. Be4 R2c7 25. Nxc7 Rxc7 26. d5 h6 27. d6 hxg5 28. dxc7 Qxc7 29. Qf2 Bxe5 30. Bd5 Bf4 31. Re8+ Kh7 32. Qd4 f6 33. Rae1 Nc8 34. Kh1 Qc2 35. Bg2 Qc7 1-0

[Event "Mukachevo Summer op"]
[Site "Mukachevo"]
[Date "2018.07.08"]
[Round "9"]
[White "Yarmysty, Mikhail"]
[Black "Grinev, Valeriy"]
[Result "0-1"]
[WhiteElo "2300"]
[BlackElo "2412"]
[PlyCount "86"]
[EventDate "2018.07.03"]
[EventType "swiss"]
[EventRounds "9"]
[EventCountry "UKR"]
[SourceTitle "CBM 185 Extra"]
[Source "ChessBase"]
[SourceDate "2018.07.29"]
[SourceVersion "1"]
[SourceVersionDate "2018.07.29"]
[SourceQuality "1"]

1. b3 e5 2. Bb2 Nc6 3. e3 Nf6 4. Bb5 Bd6 5. Na3 e4 6. Nc4 Be7 7. Bxc6 bxc6 8. Ne2 0-0 9. d3 d5 10. Nd2 Bf5 11. dxe4 dxe4 12. h3 Re8 13. g4 Bg6 14. Ng3 Bd6 15. Qe2 Qe7 16. 0-0-0 Be5 17. Nc4 Bxb2+ 18. Kxb2 Nd5 19. Qd2 Qf6+ 20. Qd4 Qxf2 21. Nf5 Bxf5 22. Rdf1 Qh4 23. Rxf5 Rad8 24. Qxa7 Qe7 25. Re5 Qf6 26. g5 Qf3 27. Rxe8+ Rxe8 28. Rc1 Qxh3 29. a4 Qg2 30. a5 Qxg5 31. a6 Qf6+ 32. c3 Nb4 33. Kb1 Nd3 34. Rc2 Ne1 35. Rc1 Nd3 36. Rc2 Qf1+ 37. Ka2 Qd1 38. Rd2 Nc1+ 39. Kb2 Qxb3+ 40. Kxc1 Qxc3+ 41. Rc2 Qa1+ 42. Kd2 Rd8+ 43. Ke2 Qd1+ 0-1

[Event "Mukachevo Summer op"]
[Site "Mukachevo"]
[Date "2018.07.06"]
[Round "7"]
[White "Yarmysty, Mikhail"]
[Black "Matviishen, Viktor"]
[Result "0-1"]
[WhiteElo "2300"]
[BlackElo "2423"]
[PlyCount "92"]
[EventDate "2018.07.03"]
[EventType "swiss"]
[EventRounds "9"]
[EventCountry "UKR"]
[SourceTitle "CBM 185 Extra"]
[Source "ChessBase"]
[SourceDate "2018.07.29"]
[SourceVersion "1"]
[SourceVersionDate "2018.07.29"]
[SourceQuality "1"]

1. e4 c5 2. Nf3 d6 3. Bb5+ Nc6 4. 0-0 Bd7 5. Re1 a6 6. Bf1 Bg4 7. c3 g6 8. d3 Bg7 9. Nbd2 e5 10. h3 Be6 11. Nb3 Qb6 12. Ng5 Bxb3 13. axb3 Nge7 14. b4 cxb4 15. Be3 Qc7 16. d4 bxc3 17. bxc3 h6 18. Nf3 0-0 19. h4 Kh7 20. h5 b5 21. d5 Na5 22. Nd2 Rfc8 23. Ra3 Nb7 24. Qa1 Nc5 25. Bxb5 a5 26. c4 gxh5 27. Bxc5 Qxc5 28. Rxa5 Rxa5 29. Qxa5 Rg8 30. Nb3 Qc8 31. Qa7 Bf6 32. Qd7 Qf8 33. c5 dxc5 34. Re3 Ng6 35. Qf5 Bg5 36. Rf3 Rg7 37. Bc4 Kh8 38. g3 h4 39. Kh2 hxg3+ 40. fxg3 Qd8 41. d6 Bf4 42. Qh5 Qxd6 43. Bd5 c4 44. Bxc4 Qd1 45. Bd5 Bxg3+ 46. Kxg3 Nf4+ 0-1

[Event "Minsk Amateur op"]
[Site "Minsk"]
[Date "2018.07.01"]
[Round "9"]
[White "Gharagyozyan, Artur"]
[Black "Yarmysty, Mikhail"]
[Result "1-0"]
[WhiteElo "2310"]
[BlackElo "2300"]
[PlyCount "61"]
[EventDate "2018.06.25"]
[EventType "swiss"]
[EventRounds "9"]
[EventCountry "BLR"]
[SourceTitle "CBM 185 Extra"]
[Source "ChessBase"]
[SourceDate "2018.07.29"]
[SourceVersion "1"]
[SourceVersionDate "2018.07.29"]
[SourceQuality "1"]

1. e4 c5 2. Nf3 Nc6 3. Bb5 d6 4. d4 cxd4 5. Qxd4 Bd7 6. Bxc6 Bxc6 7. Nc3 Nf6 8. Bg5 e6 9. 0-0-0 Be7 10. Kb1 0-0 11. h4 Rc8 12. Rh3 Qa5 13. Rg3 Kh8 14. Rh1 Qc5 15. Qd2 b5 16. Be3 Qc4 17. b3 Qb4 18. Nd4 Qa5 19. f3 b4 20. Nce2 Bd7 21. h5 e5 22. Nf5 Bxf5 23. exf5 Rc6 24. h6 g6 25. fxg6 hxg6 26. h7 Rfc8 27. Bh6 Rxc2 28. Qxc2 Qa6 29. Rgh3 Nh5 30. Qd2 e4 31. Be3 1-0

[Event "Minsk Amateur op"]
[Site "Minsk"]
[Date "2018.06.27"]
[Round "4"]
[White "Yarmysty, Mikhail"]
[Black "Volkov, Sergei"]
[Result "1-0"]
[WhiteElo "2300"]
[BlackElo "2260"]
[PlyCount "119"]
[EventDate "2018.06.25"]
[EventType "swiss"]
[EventRounds "9"]
[EventCountry "BLR"]
[SourceTitle "CBM 185 Extra"]
[Source "ChessBase"]
[SourceDate "2018.07.29"]
[SourceVersion "1"]
[SourceVersionDate "2018.07.29"]
[SourceQuality "1"]

1. e4 c5 2. Nf3 e6 3. d4 cxd4 4. Nxd4 a6 5. c4 Nf6 6. Nc3 d6 7. Bd3 g6 8. 0-0 Bg7 9. Bg5 0-0 10. Qd2 Nc6 11. Nc2 b6 12. Rad1 Ra7 13. Be2 Rd7 14. Qf4 Nh5 15. Bxh5 f6 16. Bg4 fxg5 17. Bxe6+ Kh8 18. Qd2 Rc7 19. Bxc8 Rxc8 20. Qxd6 Qe8 21. Ne3 Bxc3 22. bxc3 Qxe4 23. Rb1 Ne5 24. Rxb6 Nxc4 25. Nxc4 Qxc4 26. Rxa6 Qxc3 27. Ra7 Rg8 28. h3 Rg7 29. Rxg7 Kxg7 30. Rd1 Kh6 31. h4 Qc5 32. Qd2 Rf8 33. Rc1 Qe5 34. Rc3 Qf4 35. hxg5+ Kxg5 36. Rg3+ Kh6 37. Qb2 Re8 38. Rh3+ Kg5 39. Rg3+ Kh6 40. Qc3 Re7 41. a4 Rc7 42. Rh3+ Kg5 43. Qg3+ Qxg3 44. Rxg3+ Kf5 45. Ra3 Rc1+ 46. Kh2 Rc6 47. a5 Ra6 48. Kg3 g5 49. Kf3 h5 50. g3 h4 51. gxh4 gxh4 52. Kg2 Kg5 53. Kh3 Kf4 54. Kh2 Kg4 55. Kg2 h3+ 56. Kh2 Rf6 57. f3+ Kh4 58. a6 Rc6 59. Ra4+ Kg5 60. a7 1-0

[Event "Minsk Amateur op"]
[Site "Minsk"]
[Date "2018.06.26"]
[Round "2"]
[White "Yarmysty, Mikhail"]
[Black "Smolin, Sergey"]
[Result "1-0"]
[WhiteElo "2300"]
[BlackElo "2162"]
[PlyCount "87"]
[EventDate "2018.06.25"]
[EventType "swiss"]
[EventRounds "9"]
[EventCountry "BLR"]
[SourceTitle "CBM 185 Extra"]
[Source "ChessBase"]
[SourceDate "2018.07.29"]
[SourceVersion "1"]
[SourceVersionDate "2018.07.29"]
[SourceQuality "1"]

1. e4 g6 2. d4 Bg7 3. Be3 d6 4. Nc3 a6 5. Qd2 b5 6. f3 Nd7 7. h4 h6 8. 0-0-0 c6 9. Nh3 Qa5 10. Kb1 Rb8 11. Nf4 Nb6 12. a3 Nf6 13. g4 Nfd7 14. Be2 Nc4 15. Bxc4 bxc4 16. Ka2 c5 17. Nfe2 h5 18. gxh5 Rxh5 19. f4 cxd4 20. Nxd4 Nc5 21. f5 gxf5 22. Qg2 Rh7 23. Rb1 Qb6 24. exf5 Qb7 25. Qg4 Nd7 26. h5 Nf6 27. Qg3 Bh6 28. Bxh6 Rxh6 29. Qg5 Rh7 30. h6 Bd7 31. Rhe1 Kd8 32. Ne4 Nxe4 33. Qg8+ Kc7 34. Qxh7 Nd2 35. Qxf7 Nxb1 36. Qxc4+ Kd8 37. Rxb1 Rc8 38. Qf7 Qe4 39. c3 Kc7 40. h7 Bc6 41. Nxc6 Kxc6 42. Rg1 d5 43. Qg6+ Kb5 44. Rg4 1-0

[Event "Minsk rapid op1"]
[Site "Minsk"]
[Date "2018.06.25"]
[Round "4"]
[White "Savitski, Andrei"]
[Black "Yarmysty, Mikhail"]
[Result "0-1"]
[WhiteElo "2215"]
[BlackElo "2371"]
[PlyCount "46"]
[EventDate "2018.06.25"]
[EventType "swiss (rapid)"]
[EventRounds "9"]
[EventCountry "BLR"]
[SourceTitle "EXT 2021"]
[Source "ChessBase"]
[SourceDate "2020.10.23"]
[SourceVersion "1"]
[SourceVersionDate "2020.10.23"]
[SourceQuality "1"]

1. d4 d6 2. c4 e5 3. Nf3 exd4 4. Nxd4 g6 5. Nc3 Bg7 6. e4 Nc6 7. Be3 Nge7 8. Be2 0-0 9. 0-0 f5 10. Qd2 fxe4 11. Nxe4 Nf5 12. Nxf5 Bxf5 13. Ng3 Be6 14. Rad1 Qh4 15. Bg5 Qd4 16. b3 a5 17. Qc1 Qb2 18. Qxb2 Bxb2 19. Rfe1 Bc3 20. Bd2 Bxd2 21. Rxd2 a4 22. Bf3 Ne5 23. Bxb7 Rab8 0-1

[Event "Lutsk Nebesna Sotnya Memorial rap"]
[Site "Lutsk"]
[Date "2018.02.17"]
[Round "3"]
[White "Yarmysty, Mikhail"]
[Black "Budnikov, Oleg"]
[Result "1/2-1/2"]
[WhiteElo "2300"]
[BlackElo "2422"]
[PlyCount "36"]
[EventDate "2018.02.17"]
[EventType "swiss (rapid)"]
[EventRounds "11"]
[EventCountry "UKR"]
[SourceTitle "CBM 182 Extra"]
[Source "ChessBase"]
[SourceDate "2018.02.23"]
[SourceVersion "1"]
[SourceVersionDate "2018.02.23"]
[SourceQuality "1"]

1. e4 e5 2. Nc3 Nc6 3. Bc4 Nf6 4. d3 Bc5 5. Bg5 h6 6. Bh4 d6 7. Na4 Qe7 8. Nxc5 dxc5 9. Ne2 g5 10. Bg3 a6 11. a4 Be6 12. Nc3 0-0-0 13. b3 h5 14. h4 g4 15. Qd2 Rd7 16. 0-0 Rg8 17. a5 Nd4 18. Kh1 Rdd8 1/2-1/2

[Event "Ternopol Kaplun Memorial"]
[Site "Ternopol"]
[Date "2014.12.18"]
[Round "3"]
[White "Polishchuk, Oleg"]
[Black "Yarmysty, Mikhail"]
[Result "0-1"]
[WhiteElo "2210"]
[BlackElo "2313"]
[PlyCount "64"]
[EventDate "2014.12.17"]
[EventType "tourn"]
[EventRounds "9"]
[EventCountry "UKR"]
[EventCategory "2"]
[SourceTitle "CBM 164 Extra"]
[Source "ChessBase"]
[SourceDate "2015.03.02"]
[SourceVersion "1"]
[SourceVersionDate "2015.03.02"]
[SourceQuality "1"]

1. c4 e5 2. Nc3 Nc6 3. g3 Bb4 4. Bg2 Bxc3 5. dxc3 d6 6. e4 Be6 7. b3 Qd7 8. h3 Nge7 9. Ne2 0-0 10. g4 a6 11. Be3 b5 12. c5 d5 13. exd5 Nxd5 14. Qd2 Rad8 15. 0-0-0 Qe7 16. Be4 b4 17. cxb4 Ncxb4 18. Kb2 a5 19. Qc1 a4 20. a3 Nxe3 21. Rxd8 Rxd8 22. axb4 Nd5 23. Qd2 Nf6 24. Qe3 Nxe4 25. bxa4 Nd2 26. Kc1 Nc4 27. Qe4 Bd5 28. Qc2 Bxh1 29. Qxc4 Qg5+ 30. Kb1 Rd1+ 31. Nc1 Qd2 32. b5 Be4+ 0-1

[Event "Lutsk Nebesna Sotnya Memorial"]
[Site "Lutsk"]
[Date "2014.07.26"]
[Round "6"]
[White "Yarmysty, Mikhail"]
[Black "Katashuk, V."]
[Result "0-1"]
[WhiteElo "2283"]
[BlackElo "2147"]
[PlyCount "94"]
[EventDate "2014.07.26"]
[EventType "swiss"]
[EventRounds "11"]
[EventCountry "UKR"]
[SourceTitle "CBM 161 Extra"]
[Source "ChessBase"]
[SourceDate "2014.08.29"]
[SourceVersion "1"]
[SourceVersionDate "2014.08.29"]
[SourceQuality "1"]

1. e4 c5 2. Nf3 d6 3. Bb5+ Bd7 4. Bxd7+ Qxd7 5. 0-0 Nc6 6. c3 Nf6 7. Qe2 e6 8. d4 cxd4 9. cxd4 d5 10. e5 Ng8 11. Nc3 Rc8 12. Be3 Nge7 13. g4 h5 14. h3 Qd8 15. Bg5 Qb6 16. Rad1 hxg4 17. hxg4 Ng6 18. Kg2 Be7 19. Be3 a6 20. Rh1 Kd7 21. Rh5 Na5 22. Rxh8 Rxh8 23. b3 Nc6 24. Na4 Qa7 25. Rc1 Rc8 26. Nc5+ Bxc5 27. Rxc5 Nd8 28. Rxc8 Kxc8 29. Ne1 Nc6 30. f4 Qxd4 31. Bxd4 Nxf4+ 32. Kf3 Nxe2 33. Bb2 Ned4+ 34. Ke3 Nb5 35. Nf3 Kd7 36. a4 Nba7 37. Ba3 Na5 38. Bc5 N7c6 39. b4 Nc4+ 40. Kf4 Nb2 41. Bf8 Nxb4 42. Kg5 N4d3 43. Bxg7 Nc4 44. Kf6 Ke8 45. g5 Nf2 46. Bh6 Ng4+ 47. Kg7 Ngxe5 0-1

[Event "Krakow op-A 24th"]
[Site "Krakow"]
[Date "2013.12.28"]
[Round "2"]
[White "Yarmysty, Mikhail"]
[Black "Zochowski, Kacper"]
[Result "1-0"]
[WhiteElo "2265"]
[BlackElo "2040"]
[PlyCount "73"]
[EventDate "2013.12.27"]
[EventType "swiss"]
[EventRounds "9"]
[EventCountry "POL"]
[SourceTitle "CBM 158 Extra"]
[Source "ChessBase"]
[SourceDate "2014.02.28"]
[SourceVersion "1"]
[SourceVersionDate "2014.02.28"]
[SourceQuality "1"]

1. e4 c5 2. Nf3 d6 3. d4 cxd4 4. Nxd4 Nf6 5. Nc3 a6 6. f4 e5 7. Nf3 Nbd7 8. Bd3 Be7 9. 0-0 0-0 10. a4 exf4 11. Bxf4 Qb6+ 12. Kh1 Qxb2 13. Nd5 Nxd5 14. exd5 Ne5 15. Rb1 Qc3 16. Bxe5 dxe5 17. d6 Bxd6 18. Ng5 f5 19. Be4 Qc7 20. Bd5+ Kh8 21. Nxh7 g6 22. Nxf8 Bxf8 23. Qd2 Kg7 24. c4 Bc5 25. Qg5 Rb8 26. Rb3 Be7 27. Qd2 a5 28. Qb2 Bc5 29. Rg3 Bd4 30. Qd2 Qb6 31. c5 Qxc5 32. Qg5 Qxd5 33. Qxg6+ Kf8 34. Qf6+ Ke8 35. Rh3 Be6 36. Rh8+ Bg8 37. Qg7 1-0

[Event "Alushta Autumn 4th"]
[Site "Alushta"]
[Date "2013.09.16"]
[Round "10"]
[White "Mikhaletz, Lubomir"]
[Black "Yarmysty, Mikhail"]
[Result "1/2-1/2"]
[WhiteElo "2428"]
[BlackElo "2347"]
[PlyCount "66"]
[EventDate "2013.09.11"]
[EventType "tourn"]
[EventRounds "14"]
[EventCountry "UKR"]
[EventCategory "7"]
[SourceTitle "CBM 156 Extra"]
[Source "ChessBase"]
[SourceDate "2013.10.22"]
[SourceVersion "1"]
[SourceVersionDate "2013.10.22"]
[SourceQuality "1"]

1. d4 d5 2. c4 dxc4 3. Nf3 Nf6 4. e3 a6 5. a4 Bg4 6. Bxc4 e6 7. Nc3 Nc6 8. h3 Bh5 9. 0-0 Bd6 10. Be2 0-0 11. Qb3 Qe7 12. Rd1 Rab8 13. a5 h6 14. Ra4 Bg6 15. Bd3 Bxd3 16. Rxd3 e5 17. Rd1 exd4 18. exd4 Rfe8 19. Be3 Qd7 20. d5 Ne5 21. Rf4 Nxf3+ 22. Rxf3 Ne4 23. Qc4 Qe7 24. g3 Ng5 25. Bxg5 Qxg5 26. Kg2 Qg6 27. Rd4 h5 28. Re4 Rxe4 29. Nxe4 Re8 30. Nxd6 Qxd6 31. Rb3 Rb8 32. h4 g6 33. Rb4 b5 1/2-1/2

[Event "Alushta Autumn 4th"]
[Site "Alushta"]
[Date "2013.09.15"]
[Round "9"]
[White "Yarmysty, Mikhail"]
[Black "Bajarani, Ulvi"]
[Result "0-1"]
[WhiteElo "2347"]
[BlackElo "2436"]
[PlyCount "88"]
[EventDate "2013.09.11"]
[EventType "tourn"]
[EventRounds "14"]
[EventCountry "UKR"]
[EventCategory "7"]
[SourceTitle "CBM 156 Extra"]
[Source "ChessBase"]
[SourceDate "2013.10.22"]
[SourceVersion "1"]
[SourceVersionDate "2013.10.22"]
[SourceQuality "1"]

1. e4 e6 2. d4 d5 3. Nc3 Nf6 4. Bg5 Be7 5. e5 Nfd7 6. h4 0-0 7. Nf3 c5 8. Nb5 f6 9. exf6 Nxf6 10. dxc5 b6 11. cxb6 Qxb6 12. Be3 Qb7 13. Bd3 Nc6 14. Nbd4 Qxb2 15. 0-0 Qc3 16. Nxc6 Qxc6 17. Ne5 Qc7 18. Bd4 Bd6 19. Re1 Bb7 20. Ng4 Ne4 21. f3 e5 22. fxe4 dxe4 23. Bxe4 Bxe4 24. Rxe4 exd4 25. Qd3 h5 26. Nh6+ gxh6 27. Re6 Rf7 28. Rae1 Bf8 29. Rg6+ Bg7 30. Qxd4 Raf8 31. Qd3 Qc5+ 32. Kh1 Qf2 33. Re4 Qf1+ 34. Qxf1 Rxf1+ 35. Kh2 R8f6 36. Rxf6 Rxf6 37. a4 Rc6 38. c4 Rc5 39. Re7 Be5+ 40. Kh3 Bc7 41. Re4 Ra5 42. g4 hxg4+ 43. Kxg4 h5+ 44. Kf3 Rxa4 0-1

[Event "Alushta Autumn 4th"]
[Site "Alushta"]
[Date "2013.09.14"]
[Round "7"]
[White "Shtyrenkov, Veniamen"]
[Black "Yarmysty, Mikhail"]
[Result "1-0"]
[WhiteElo "2341"]
[BlackElo "2347"]
[PlyCount "76"]
[EventDate "2013.09.11"]
[EventType "tourn"]
[EventRounds "14"]
[EventCountry "UKR"]
[EventCategory "7"]
[SourceTitle "CBM 156 Extra"]
[Source "ChessBase"]
[SourceDate "2013.10.22"]
[SourceVersion "1"]
[SourceVersionDate "2013.10.22"]
[SourceQuality "1"]

1. d4 d6 2. e4 Nf6 3. Nc3 c6 4. Nf3 Bg4 5. h3 Bh5 6. g4 Bg6 7. Bd3 e6 8. Qe2 d5 9. Bd2 Bb4 10. e5 Nfd7 11. 0-0-0 Bxd3 12. Qxd3 Nb6 13. Ne2 Be7 14. h4 Na6 15. b3 c5 16. Qb5+ Qd7 17. Qxd7+ Nxd7 18. c3 cxd4 19. cxd4 Rc8+ 20. Kb1 f6 21. Nf4 fxe5 22. Nxe6 e4 23. Nfg5 Bf6 24. Nf4 Nc7 25. f3 0-0 26. fxe4 dxe4 27. Nxe4 Bxd4 28. Bb4 Rxf4 29. Rxd4 Nb5 30. Nf6+ Rxf6 31. Rxd7 Rf4 32. Bd2 Rxg4 33. Rxb7 Rg2 34. Bb4 a6 35. Rb6 Nc3+ 36. Bxc3 Rxc3 37. Rxa6 h5 38. Rd1 Rcc2 1-0

[Event "Lvov March Rating"]
[Site "Lvov"]
[Date "2013.03.24"]
[Round "5"]
[White "Kovalsky, Vadim"]
[Black "Yarmysty, Mikhail"]
[Result "0-1"]
[WhiteElo "1924"]
[BlackElo "2366"]
[PlyCount "72"]
[EventDate "2013.03.22"]
[EventType "tourn"]
[EventRounds "9"]
[EventCountry "UKR"]
[SourceTitle "CBM 153 Extra"]
[Source "ChessBase"]
[SourceDate "2013.04.22"]
[SourceVersion "1"]
[SourceVersionDate "2013.04.22"]
[SourceQuality "1"]

1. e4 c5 2. Nf3 d6 3. c3 Nf6 4. Bd3 Bg4 5. Bc2 Nc6 6. 0-0 e6 7. d3 Be7 8. Nbd2 0-0 9. Re1 d5 10. Qe2 d4 11. h3 Bh5 12. Nf1 Nd7 13. Ng3 Bxf3 14. Qxf3 dxc3 15. bxc3 Bf6 16. Bd2 Qa5 17. Ne2 c4 18. Red1 Nde5 19. Qg3 cxd3 20. Bxd3 Rfd8 21. Bf4 Qa4 22. Bxe5 Nxe5 23. Nd4 Rac8 24. Bc2 Qa5 25. Ne2 Rxd1+ 26. Bxd1 Nc4 27. Bb3 Nd2 28. Rc1 Nxe4 29. Qf3 Nc5 30. Kh2 h6 31. g3 Rd8 32. Nd4 Bxd4 33. cxd4 Rxd4 34. Qe3 Nxb3 35. Qxb3 Rd2 36. Rf1 Qxa2 0-1